Modelo de gestión de operaciones logísticas de almacenamiento en FEMSA, División Plásticos
Guardat en:
| Autor principal: | |
|---|---|
| Altres autors: | |
| Format: | Llibre |
| Publicat: |
[San José, Costa Rica]
2008
|
| Matèries: | |
| Etiquetes: |
Afegir etiqueta
Sense etiquetes, Sigues el primer a etiquetar aquest registre!
|
MARC
| LEADER | 00000nam a2200000Ia 4500 | ||
|---|---|---|---|
| 003 | 010369 | ||
| 005 | 20221231144057.0 | ||
| 008 | 140114s2008 cr a 000 ||s d | ||
| 040 | |c cru CEDI | ||
| 090 | |a TFG 5710 | ||
| 100 | |a Burgos Bonilla, Manuel |9 4228 | ||
| 245 | |a Modelo de gestión de operaciones logísticas de almacenamiento en FEMSA, División Plásticos | ||
| 260 | |c 2008 |b [San José, Costa Rica] | ||
| 300 | |a 1 volumen (en varias paginaciones); ilustraciones | ||
| 500 | |a Proyecto de graduación (licenciatura en ingeniería industrial)--Universidad de Costa Rica. Facultad de Ingeniería. Escuela de Ingeniería Industrial | ||
| 650 | |x GESTION DE NEGOCIOS |x COCA-COLA FEMSA DE COSTA RICA |x COSTOS DE OPERACION |x BOTELLAS |x ALMACENAMIENTO |x PRODUCCION |x CONTROL DE INVENTARIOS |9 4230 | ||
| 700 | |9 4229 |a Solano Alvarado, Juan Pablo | ||
| 942 | |c TFG | ||
| 999 | |c 16549 |d 16549 | ||
